| 000 | 00410nam a2200157Ia 4500 | ||
|---|---|---|---|
| 003 | GCL | ||
| 008 | 140319s9999 xx 000 0 eng d | ||
| 040 |
_aGCL / _cGCL |
||
| 082 | 0 | 4 |
_a646.454 _bW T |
| 100 | 1 | _aWESTON, MADELINE | |
| 245 | 1 | 0 |
_aTRADITIONAL SWEATER BOOK / _cWESTON, MADELINE |
| 260 |
_a[S.N] : _bCOVENT GARDEN BOOKS ، _c1986 |
||
| 300 | _a144 | ||
| 650 | 0 | 4 | _aSWEATERS KINTTING |
| 942 |
_2ddc _cBK |
||
| 999 |
_c10776 _d10776 |
||